00657nam a2200265Ia 4500008004100000020001800041050001000059050001400069100002100083245003000104245003900134260001500173260001800188260000900206300001600215300002000231300001000251650002200261650002300283650001300306650002500319700001700344700001100361999001900372170711s9999 xx 000 0 und d a9781595620484 a658.8 bR977 2010 aRutigliano, Tony aStrengths based selling / cby Tony Rutigliano and Brian Brim. aNew York : bGallup Press, c2010 a207 pages : billustrations ; c22cm. aSales management. aSales personnel -- aSelling. xVocational guidance. aBrim, Brian. aTitle. c339662d339662